|
|
|
|
| LEADER |
00000nam0a2200000 4500 |
| 001 |
255817 |
| 005 |
20231101233047.0 |
| 035 |
|
|
|a (RuTPU)RU\TPU\book\278375
|
| 090 |
|
|
|a 255817
|
| 100 |
|
|
|a 20140401d1989 m y0rusy50 ca
|
| 101 |
0 |
|
|a rus
|
| 102 |
|
|
|a LV
|
| 105 |
|
|
|a a z 001zy
|
| 200 |
1 |
|
|a Исследование нелинейных дифференциальных уравнений с помощью пакета программ RANK
|e методическая разработка
|f М. В. Закржевский, В. В. Кугелевич, Е. П. Крюков
|g Рижский политехнический институт
|
| 210 |
|
|
|a Рига
|c Рижский политехнический институт
|d 1989
|
| 215 |
|
|
|a 103 с.
|c ил.
|
| 320 |
|
|
|a Библиогр.: с. 100.
|
| 606 |
1 |
|
|a Дифференциальные уравнения, нелинейные
|x Решение
|2 stltpush
|3 (RuTPU)RU\TPU\subj\9712
|9 36892
|
| 610 |
1 |
|
|a автоматизированные методы
|
| 610 |
1 |
|
|a прикладные программы
|
| 610 |
1 |
|
|a RANK
|
| 610 |
1 |
|
|a описание
|
| 610 |
1 |
|
|a использование
|
| 610 |
1 |
|
|a электронные вычислительные машины
|
| 610 |
1 |
|
|a ЭВМ
|
| 610 |
1 |
|
|a применение
|
| 610 |
1 |
|
|a методические разработки
|
| 675 |
|
|
|a 517.928.4
|v 3
|
| 700 |
|
1 |
|a Закржевский
|b М. В.
|g Михаил Васильевич
|
| 701 |
|
1 |
|a Кугелевич
|b В. В.
|g Виктор Владимирович
|
| 701 |
|
1 |
|a Крюков
|b Е. П.
|g Евгений Леонидович
|
| 712 |
0 |
2 |
|a Рижский политехнический институт
|2 stltpush
|3 (RuTPU)RU\TPU\col\7561
|9 24345
|
| 801 |
|
1 |
|a RU
|b 63413507
|c 20140401
|
| 801 |
|
2 |
|a RU
|b 63413507
|c 20140609
|g RCR
|
| 942 |
|
|
|c BK
|